Cities with the 100 Biggest Skyscrapers - Statistics

General Stats
  • This quiz has been taken 56 times
  • The average score is 78 of 100
Answer Stats
Name Region Answers % Correct
23 Marina | Almas Tower | Burj Khalifa | +11 others Middle East Dubai
100%
111 West 57th Street | 30 Hudson Yards | 432 Park Avenue | +6 others North America New York City
100%
Jin Mao Tower | [...] International Trade Center Tower 2 | [...] Tower | [...] World Financial Center East Asia Shanghai
100%
CITIC Tower East Asia Beijing
96%
875 North Michigan Avenue | Aon Center | The St. Regis [...] | +2 others North America Chicago
96%
Bank of China Tower | Central Plaza | International Commerce Centre | +2 others East Asia Hong Kong
96%
[...] 101 East Asia Taipei
93%
Merdeka 118 | Petronas Twin Tower 1 | Petronas Twin Tower 2 | The Exchange 106 Southeast Asia Kuala Lumpur
91%
Federation Tower | NEVA TOWERS 2 | OKO - Residential Tower Europe Moscow
91%
CITIC Plaza | Guangdong Business Center | The Pinnacle | +2 others East Asia Guangzhou
89%
Lotte World Tower East Asia Seoul
89%
Autograph Tower Southeast Asia Jakarta
83%
Burj Mohammed Bin Rashid Middle East Abu Dhabi
78%
[...] Royal Clock Tower Middle East Mecca
78%
1 Corporate Avenue | [...] Greenland Center | [...] Tower East Asia Wuhan
76%
Raffles City [...] T3N | Raffles City [...] T4N East Asia Chongqing
74%
CITYMARK CENTRE | China Merchants Bank Global Headquarters Main Tower | China Resources Tower | +9 others East Asia Shenzhen
74%
Vincom Landmark 81 Southeast Asia Ho Chi Minh City
72%
Central Bank of the Republic of Türkiye Middle East Istanbul
72%
PIF Tower Middle East Riyadh
72%
Glory [...] International Financial Center East Asia Xi’an
72%
Al Hamra Tower Middle East Kuwait City
67%
Lakhta Center Europe St. Petersburg
67%
Golden Eagle Tiandi Tower A | Zifeng Tower | Zijin Financial Building East Asia Nanjing
63%
[...] Cross Strait Financial Centre East Asia Xiamen
63%
[...] CTF Finance Centre East Asia Tianjin
61%
LCT The Sharp Landmark Tower East Asia Busan
50%
[...] Hai Tian Center East Asia Qingdao
43%
Shimao Global Financial Center | [...] IFS Tower T1 East Asia Changsha
41%
Eton Place [...] Tower 1 | [...] International Trade Center East Asia Dalian
41%
Iconic Tower Middle East Cairo
39%
Forum 66 Tower 1 East Asia Shenyang
35%
Guangxi China Resources Tower | [...] Logan Century 1 East Asia Nanning
33%
Spring City 66 East Asia Kunming
30%
[...] IFS East Asia Suzhou
26%
Minying International Trade Center T2 East Asia Dongguan
24%
[...] Center Tower 1 East Asia Ningbo
24%
85 Sky Tower East Asia Kaohsiung
22%
[...] International Financial Center T1 East Asia Guiyang
20%
Ping An Finance Center East Asia Jinan
20%
No matching quizzes found
Score Distribution
Percent of People with Each Score
Percentile by Number Answered
Your Score History
You have not taken this quiz